000 00381nam a2200169Ia 4500
008 221030s9999 xx 000 0 und d
020 _a8176566535
041 _aEnglish
082 _a105.23
_bJai
100 _aM. Jain
245 0 _aPC Software - Made Simple
260 _bBPB Pub
_aNew Delhi
_c2002
300 _a450
650 _aComputers
700 _aS. Jain
942 _cBK
999 _c1544
_d1544